Principios de contabilidad/ (Registro nro. 8866)

Detalles MARC
000 -LEADER
fixed length control field 01462nam a2200205Ia 4500
005 - FECHA Y HORA DE LA ÚLTIMA TRANSACCIÓN
control field 20230814134953.0
008 - FIXED-LENGTH DATA ELEMENTS--GENERAL INFORMATION
fixed length control field 230809s9999 xx 000 0 und d
020 ## - INTERNATIONAL STANDARD BOOK NUMBER
International Standard Book Number 970-10-3370-1
040 ## - CATALOGING SOURCE
Original cataloging agency UPAN
Transcribing agency Biblioteca San Vicente
Description conventions RCAA2
041 ## - LANGUAGE CODE
Language code of text/sound track or separate title spa
082 ## - DEWEY DECIMAL CLASSIFICATION NUMBER
Classification number 657
Item number R664p
año de publicación 2002
100 ## - MAIN ENTRY--PERSONAL NAME
Personal name Romero, Javier
245 #0 - TITLE STATEMENT
Title Principios de contabilidad/
Statement of responsibility, etc Javier Romero
250 ## - EDITION STATEMENT
Edition statement 2º ed
260 ## - PUBLICATION, DISTRIBUTION, ETC. (IMPRINT)
Place of publication, distribution, etc México:
Name of publisher, distributor, etc McGraw Hill,
Date of publication, distribution, etc 2002
300 ## - PHYSICAL DESCRIPTION
Extent 798 p.;
Dimensions 27 cm.
505 ## - FORMATTED CONTENTS NOTE
Formatted contents note Cap. 1 La contaduría publica como una profesión<br/>Cap. 2 Contabilidad financiera<br/>Cap. 3 Estructura básica de la contabilidad financiera <br/>Cap. 4 Principios de contabilidad generalmente aceptados<br/>Cap. 5 Estructura financiera de la entidad<br/>Cap. 6 Introducción a los estados financieros <br/>Cap. 7Estudio general de la cuenta<br/>Cap. 8 Reglas del cargo y del abono (Reglas de aplicación y origen de recursos<br/>Cap. 9 Estudio particular de las cuentas<br/>Cap. 10 Impuesto al Valor Agregado (IVA), Nociones y registro contable <br/>Cap. 11 Teoría de la partida doble: aplicación y origen de recursos<br/>Cap. 12 Procedimientos para el registro de las operaciones de compra y venta de mercancía<br/>Cap. 13 Practica<br/>Cap. 14 Métodos manuales para el registro y procesamiento de las transacciones financieras<br/>Cap. 15 Método electrónico para el procesamiento de transacciones financieras<br/>Cap. 16 Procesamiento ultimo de los datos
650 ## - SUBJECT ADDED ENTRY--TOPICAL TERM
Source of heading or term LEMB
General subdivision Contabilidad
942 ## - ADDED ENTRY ELEMENTS (KOHA)
Koha item type Libros
Source of classification or shelving scheme Dewey Decimal Classification
Existencias
Withdrawn status Lost status Source of classification or shelving scheme Damaged status Not for loan Collection code Home library Current library Date acquired Total Checkouts Full call number Barcode Date last seen Copy number Price effective from Koha item type
    Dewey Decimal Classification     Colección General Biblioteca UPAN San Vicente Biblioteca UPAN San Vicente 09/08/2023   657 R664p 12001584 09/08/2023 01 09/08/2023 Libros